La Profundización del ajuste

Bewaard in:
Bibliografische gegevens
Formaat: Texto
Onderwerpen:
Tags: Voeg label toe
Geen labels, Wees de eerste die dit record labelt!

MARC

LEADER 00000 a a2200000 04500
001 5874
003
040
245 |a La Profundización del ajuste  
650 |a AJUSTE ESTRUCTURAL  
650 |a MERCADO  
650 |a GOBIERNO  
650 |a POLITICA ECONOMICA  
650 |a DEFICIT  
650 |a TIPO DE CAMBIO  
650 |a EXPORTACIONES  
650 |a EMPRESAS  
773 |g volumen 15, número 632; páginas 9-11  
999 |c 29733  |d 29733